000 00581nam a2200205Ia 4500
003 OSt
005 20240926115850.0
008 210210b1990 xxu||||| |||| 00| 0 eng d
040 _cAL
041 _aKannada
082 _a904K ASHC
100 _aASHOKAVARDHANA (G N)
_dಅಶೋಕವರ್ಧನ (ಜಿ ಎನ್)
_9180341
245 _aChakravartigalu
_bಚಕ್ರವರ್ತಿಗಳು
260 _aMangaluru
_bDattareya Prakashana
_c1990
300 _avi,102
650 _aChakravartigalu
_9180342
690 _aHistory
_9180343
906 _a044167
942 _2ddc
_cBK
999 _c93878
_d93878